000 00726nam a2200289Ia 4500
005 20260324115155.0
008 008 260324s9999 xx 000 0 eng d
020 _a9781041056706
037 _aEBOOK
040 _aCRL
040 _beng
040 _cCRL
041 _2eng
041 _aeng
084 _qCRL
100 _aPaul Cammack; Tony Ewens
_91153643
245 0 _aReflective Primary Teaching
245 0 _bMeeting the Teachers’ Standards throughout your professional career
260 _bTaylor and Francis
260 _c2019
365 _a
365 _b220
856 _uhttp://www.taylorfrancis.com/books/9781041056706
942 _cEBOOK
999 _c1744330
_d1744330